000 00684nam a2200217Ia 4500
001 929
003 GE_BSU
008 181216s||||||||xx |||||||||||||| ||und||
020 _a9992827049
040 _cGE_BSU
080 _a821.161.1.09(075.8)
100 _aКомбай,В.А.
245 _aИз опыта преподавания русской литературы в грузинской школе
260 _aТбилиси
260 _bТбилисский ун-т
260 _c2000
300 _a203стр
541 _h8л.
653 _aИз опыта преподавания русской литературы в грузинской школе
942 _cBK
999 _c35088
_d35088